Statistics for Books by Letter L

Click here to take the quiz!

General Stats

  • This quiz has been taken 32 times
  • The average score is 9 of 15

Answer Stats

HintBook% Correct
The story follows the lives of the four March sisters—Meg, Jo, Beth, and Amy—and details their passage from childhood to womanhood.Little Women
94%
The classic and controversial tale of a man's inappropriate obsession with a young girl.Lolita
94%
Story of a group of young boys who find themselves alone on a deserted island.Lord of the Flies
94%
The novel follows the lives and interactions of several characters, particularly the struggles of ex-convict Jean Valjean and his experience of redemption.Les Miserables
90%
From quiet beginnings in the Shire, a hobbit land not unlike the English countryside, the story ranges across Middle-earth, following the course of the War of the Ring through the eyes of its characters, most notably the hobbits Frodo, Sam, Merry and Pippin.The Lord of the Rings
90%
The protagonist is Piscine Molitor "Pi" Patel, an Indian Tamil boy from Pondicherry who explores issues of spirituality and metaphysics from an early age.Life of Pi
84%
The novel is about the months the Ingalls spent on the Kansas prairie around the town of Independence.Little House on the Prairie
81%
The story concerns a young married woman, the former Constance Reid (Lady Chatterley), whose upper class husband, Sir Clifford Chatterley, described as a handsome, well-built man, has been paralysed from the waist down due to a Great War injury.Lady Chatterley's Lover
77%
A pilot, stranded in the desert, meets a little boy who is a prince on a planet.The Little Prince
77%
After being brutally murdered, 14-year-old Susie Salmon watches from heaven over her grief-stricken family and her killer.The Lovely Bones
52%
Twelve-year-old Ted lives in a place virtually devoid of nature; no flowers or trees grow in the town of Thneedville.The Lorax
42%
During the World War II bombings of London, four English siblings are sent to a country house where they will be safe.The Lion, The Witch and the Wardrobe
35%
The story centres on Bond's pursuit of "Mr Big", a criminal who has links to the American criminal network, the world of voodoo and SMERSH—an arm of the Soviet secret service—all of which are threats to the First World.Live and Let Die
29%
Although this is a Professor Challenger story, it centres more on his daughter Enid and his old friend Edward Malone.The Land of Mist
3%
A young genius, his worldly alienation and his eccentric mother, Sibylla Newman, an American living in London after dropping out of Oxford.The Last Samurai
3%

Score Distribution

Percentile by Number Answered

Percent of People with Each Score

Your Score History

You have not taken this quiz